000 00846nam a22002777a 4500
003 CHAP
005 20220329135245.0
008 971013s1963 r 00010 d
010 _a33374
011 _a34346
035 _a38462
040 _cCHAP
082 _a636.213
_bC8
100 0 0 _aCunha, T. J.
_930447
245 _aCrossbreeding beef cattle
260 _aGainesville :
_bUniversity of Florida Press,
_c1963
300 _a228 p.
_b: ilus.
590 _aBATCH-UPD
_b10
_c20130110
_lUCH01
_h1332
590 _aCONVERSION
_b10
_c20130109
_lUCH01
_h1319
650 1 4 _aGanado de carne
_xMejoramiento.
_945091
700 0 _aKoger, Marvin.
_963625
901 _aBK
942 _cLIBRO
949 _a636.213 C8
_bBC
_cLIBRO
_d33724000104600
_eLIBRO
_h11654
_i38462
_si
949 _a636.213 C8
_bBC
_cLIBRO
_d33724000104618
_eLIBRO
_fc.2
_h12605
_i38462
_si
999 _c33374
_d33374